| Registos Bibliográficos associados ao registo de autoridade |
|
Etiqueta de registo: 00000nkm 2200025 450 001 2241929 003 http://id.bnportugal.gov.pt/bib/catbnp/2241929 100 ## $a20260107d1992 m y0pory01030103ba 101 0# $apor 102 ## $aPT 200 1# $aFeijoada brasileira ao almoço, música ao vivo e show de mulatas com Grupo Kizumba,
Restaurante Pontevelha, Sertã, 29 março 1992$bVisual gráfico]$fRestaurante Pontevelha 210 #9 $aSertã$cRestaurante Pontevelha,$d1992$eSertã :$gGráfica Santo Amaro) 215 ## $a1 cartaz$ccolor.$d42x29,7 cm 675 ## $a766(=1:469)"199"(084.5)$vBN$zpor$31975188 710 01 $aRestaurante Pontevelha,$eSertã$31975677 801 #0 $aPT$bBN$gRPC 966 ## $lBN$mICONOG$sCT. 9121 V.$x1 971 ## $cCaticonografia6$d20260107 995 ## $aPRR2026 $d20260107$iCaticonografia6
Etiqueta de registo: 00000nkm 2200025 450 001 2251644 003 http://id.bnportugal.gov.pt/bib/catbnp/2251644 100 ## $a20260120d1994 m y0pory01030103ba 101 0# $apor 102 ## $aPT 200 1# $aSuper espectáculo de baile e passagem de modelos, Sertã, 30 de abril de 1994 $bVisual gráfico]$fVozes de Portugal 210 #9 $aSertã$cVozes de Portugal,$d1994$eSertã:$gGráfica Santo Amaro) 215 ## $a1 cartaz$ccolor.$d60,9x41,4 cm 675 ## $a766(=1:469)"199"(084.5)$vBN$zpor$3589138 710 01 $aVozes de Portugal,$eMontemor-o-Novo$31980215 711 01 $aRestaurante Pontevelha,$eSertã$31975677 801 #0 $aPT$bBN$gRPC 966 ## $lBN$mICONOG$sCT. 16777 A.$x1 971 ## $cCaticonografia9$d20260120 995 ## $aPRR2026 $d20260120$iCaticonografia9
|
|
|